[Event "Ruhrgebiet Verbandsklasse Gruppe 1 1617"]
[Site "Germany"]
[Date "2017.03.12"]
[Round "8.5"]
[White "Klemm, Joachim"]
[Black "Schuermann, Jan"]
[Result "1-0"]
[WhiteElo "1735"]
[BlackElo "1817"]
[PlyCount "29"]
[EventDate "2016.09.04"]
[EventType "team-tourn"]
[EventRounds "9"]
[EventCountry "GER"]
[SourceTitle "EXT 2022"]
[Source "ChessBase"]
[SourceDate "2021.10.06"]
[SourceVersion "1"]
[SourceVersionDate "2021.10.06"]
[SourceQuality "1"]
[WhiteTeam "Huckarde Westerfilde"]
[BlackTeam "Muelheim Nord IV"]
[WhiteTeamCountry "GER"]
[BlackTeamCountry "GER"]

1. Nc3 d5 2. e4 d4 3. Nce2 e5 4. Ng3 Nc6 5. Bc4 Nf6 6. Nf3 Bd6 7. 0-0 0-0 8. d3 Na5 9. Bb3 c5 10. Bd2 Nxb3 11. axb3 h6 12. Qc1 Kh7 13. Nh4 h5 14. Nhf5 g6 15. Ba5 1-0

[Event "NRW Verbandsklasse Group2 1314"]
[Site "Nordrheinwestfalen"]
[Date "2013.12.15"]
[Round "5.7"]
[White "Tudan, Philipp"]
[Black "Schuermann, Jan"]
[Result "1/2-1/2"]
[WhiteElo "1612"]
[BlackElo "1828"]
[PlyCount "46"]
[EventDate "2013.09.08"]
[EventType "team-tourn"]
[EventRounds "9"]
[EventCountry "GER"]
[SourceTitle "EXT 2020"]
[Source "ChessBase"]
[SourceDate "2019.10.17"]
[SourceVersion "1"]
[SourceVersionDate "2019.10.17"]
[SourceQuality "1"]
[WhiteTeam "Doppelbauer Brambauer II"]
[BlackTeam "Muelheim Nord IV"]
[WhiteTeamCountry "GER"]
[BlackTeamCountry "GER"]

1. e4 c5 2. f4 d5 3. exd5 Nf6 4. Bb5+ Bd7 5. Bxd7+ Qxd7 6. c4 e6 7. Qe2 Bd6 8. dxe6 fxe6 9. d3 0-0 10. Nh3 Nc6 11. Be3 Rae8 12. 0-0 e5 13. Qf3 Ng4 14. Qd5+ Qe6 15. Qxe6+ Rxe6 16. Bd2 exf4 17. Nc3 f3 18. g3 Nd4 19. Ne4 Rxe4 20. dxe4 Ne2+ 21. Kh1 Bxg3 22. hxg3 Nxg3+ 23. Kg1 Ne2+ 1/2-1/2

[Event "Dortmund op-B"]
[Site "Dortmund"]
[Date "2009.07.04"]
[Round "1"]
[White "Grabowski, Domenic"]
[Black "Schuermann, Jan"]
[Result "1-0"]
[WhiteElo "1150"]
[BlackElo "1754"]
[PlyCount "77"]
[EventDate "2009.07.04"]
[EventType "swiss"]
[EventRounds "9"]
[EventCountry "GER"]
[SourceTitle "EXT 2012"]
[Source "ChessBase"]
[SourceDate "2011.11.24"]
[SourceVersion "1"]
[SourceVersionDate "2011.11.24"]
[SourceQuality "1"]

1. e4 c5 2. Bc4 Nc6 3. Nf3 d6 4. d4 cxd4 5. Nxd4 Nf6 6. Nxc6 bxc6 7. Nc3 e6 8. Bg5 Be7 9. 0-0 0-0 10. Re1 Qc7 11. Bf4 Rd8 12. Qf3 Qa5 13. e5 Nd5 14. Nxd5 cxd5 15. exd6 Bxd6 16. Bxd6 Rxd6 17. Bd3 g6 18. Qf4 Qc7 19. c3 Rb8 20. Re2 Rc6 21. Qxc7 Rxc7 22. Rc1 Bd7 23. c4 Bb5 24. b3 dxc4 25. Bxc4 Kg7 26. Rec2 Rbc8 27. g3 Kf6 28. f4 Bxc4 29. Rxc4 Rxc4 30. Rxc4 Rxc4 31. bxc4 e5 32. Kf2 exf4 33. gxf4 Ke6 34. Ke3 f5 35. h4 h5 36. Kd4 Kd6 37. c5+ Ke6 38. c6 Kd6 39. c7 1-0

[Event "Dortmund Sparkassen op-B"]
[Site "Dortmund"]
[Date "2008.07.03"]
[Round "6"]
[White "Schuetz, Ralf"]
[Black "Schuermann, Jan"]
[Result "1-0"]
[WhiteElo "1813"]
[BlackElo "1626"]
[PlyCount "101"]
[EventDate "2008.06.30"]
[EventType "swiss"]
[EventRounds "9"]
[EventCountry "GER"]
[SourceTitle "EXT 2022"]
[Source "ChessBase"]
[SourceDate "2021.10.06"]
[SourceVersion "1"]
[SourceVersionDate "2021.10.06"]
[SourceQuality "1"]

1. e4 c5 2. Nf3 d6 3. d4 cxd4 4. Nxd4 Nf6 5. Nc3 a6 6. Be2 e5 7. Nb3 Be7 8. Be3 Be6 9. f3 0-0 10. a4 d5 11. exd5 Nxd5 12. Nxd5 Qxd5 13. Qxd5 Bxd5 14. c4 Bb4+ 15. Bd2 Bxd2+ 16. Nxd2 Be6 17. Ne4 b6 18. 0-0-0 Nc6 19. Rd6 Nd4 20. Re1 Rab8 21. Bd3 f6 22. Nd2 Rfd8 23. Rxd8+ Rxd8 24. Re3 Rc8 25. Kb1 Bf5 26. Bxf5 Nxf5 27. Rd3 Nd4 28. b3 a5 29. Kb2 Kf7 30. Ne4 Ke6 31. Kc3 b5 32. axb5 Nxb5+ 33. Kb2 Nd4 34. Ka3 h6 35. Ka4 f5 36. Nc3 Rd8 37. Nb5 Rd7 38. Nc3 Nxb3 39. Rxd7 Nc5+ 40. Kxa5 Kxd7 41. Kb6 Ne6 42. c5 Nd4 43. g4 g6 44. h4 h5 45. gxh5 gxh5 46. Nd5 Kd8 47. c6 Nxc6 48. Kxc6 e4 49. f4 Ke8 50. Kd6 Kf7 51. Ke5 1-0

[Event "Dortmund Sparkassen op-B"]
[Site "Dortmund"]
[Date "2008.07.02"]
[Round "4"]
[White "Korel, Alexander"]
[Black "Schuermann, Jan"]
[Result "1-0"]
[WhiteElo "1894"]
[BlackElo "1626"]
[PlyCount "35"]
[EventDate "2008.06.30"]
[EventType "swiss"]
[EventRounds "9"]
[EventCountry "GER"]
[SourceTitle "EXT 2022"]
[Source "ChessBase"]
[SourceDate "2021.10.06"]
[SourceVersion "1"]
[SourceVersionDate "2021.10.06"]
[SourceQuality "1"]

1. e4 c5 2. Nc3 Nc6 3. f4 d6 4. Nf3 g6 5. Bb5 Bd7 6. Bxc6 Bxc6 7. 0-0 Bg7 8. d3 e6 9. f5 Ne7 10. fxe6 fxe6 11. Ng5 Qd7 12. Qg4 Bd4+ 13. Kh1 0-0-0 14. Qxe6 Rdf8 15. Bd2 h6 16. Qxd7+ Kxd7 17. Nf7 Rh7 18. Ne5+ 1-0

[Event "Goch op 18th"]
[Site "Goch"]
[Date "2007.10.07"]
[Round "6"]
[White "Schuermann, Jan"]
[Black "Hendriks, Sven"]
[Result "1-0"]
[WhiteElo "1516"]
[BlackElo "1595"]
[PlyCount "53"]
[EventDate "2007.10.04"]
[EventType "swiss"]
[EventRounds "7"]
[EventCountry "GER"]
[SourceTitle "EXT 2011"]
[Source "ChessBase"]
[SourceDate "2010.11.26"]
[SourceVersion "1"]
[SourceVersionDate "2010.11.26"]
[SourceQuality "1"]

1. e4 e6 2. d4 d5 3. Nd2 dxe4 4. Nxe4 Bd7 5. Be3 Bc6 6. Ng3 Nf6 7. c4 Nbd7 8. Be2 Bxg2 9. Bf3 Bxh1 10. Bxh1 c6 11. Nf3 Bd6 12. Qd3 Bxg3 13. hxg3 Qa5+ 14. Bd2 Qh5 15. 0-0-0 0-0-0 16. Bg2 Qg6 17. Qa3 a6 18. Nh4 Qg4 19. Bf4 Qe2 20. Qb4 b5 21. Bf1 Qxf2 22. Qa5 e5 23. Qxa6+ Kb8 24. dxe5 Qa7 25. exf6+ Ka8 26. Qxc6+ Qb7 27. Bg2 1-0

[Event "Goch op 18th"]
[Site "Goch"]
[Date "2007.10.06"]
[Round "4"]
[White "Brack, Werner Heinz"]
[Black "Schuermann, Jan"]
[Result "1-0"]
[WhiteElo "1542"]
[BlackElo "1516"]
[PlyCount "91"]
[EventDate "2007.10.04"]
[EventType "swiss"]
[EventRounds "7"]
[EventCountry "GER"]
[SourceTitle "EXT 2011"]
[Source "ChessBase"]
[SourceDate "2010.11.26"]
[SourceVersion "1"]
[SourceVersionDate "2010.11.26"]
[SourceQuality "1"]

1. d4 Nf6 2. Nf3 e6 3. Nbd2 d5 4. e3 Nbd7 5. c4 c6 6. a3 Be7 7. c5 b6 8. b4 a5 9. Bb2 Ba6 10. Bxa6 Rxa6 11. Qe2 Qa8 12. 0-0 b5 13. e4 0-0 14. e5 Ne8 15. Nb3 a4 16. Nc1 Nc7 17. Nd3 f6 18. h3 Rf7 19. exf6 Bxf6 20. Nde5 Nxe5 21. dxe5 Be7 22. Nd4 Rf4 23. f3 Qe8 24. Rad1 Qg6 25. Rd3 Qg3 26. Bc3 Qg6 27. Bd2 Rf8 28. f4 Qf7 29. Rdf3 g6 30. g4 Bh4 31. Qg2 Qg7 32. Be3 Be7 33. Qg3 Bd8 34. Kg2 Kh8 35. f5 gxf5 36. gxf5 Qxg3+ 37. Rxg3 exf5 38. Bh6 f4 39. Bxf8 fxg3 40. e6 Bg5 41. Bd6 Nxe6 42. Nxe6 Bh6 43. Be5+ Kg8 44. Nd4 Bg7 45. Bxg7 Kxg7 46. Kxg3 1-0

[Event "Goch op 18th"]
[Site "Goch"]
[Date "2007.10.05"]
[Round "3"]
[White "Nent, Alexander"]
[Black "Schuermann, Jan"]
[Result "1-0"]
[WhiteElo "1771"]
[BlackElo "1516"]
[PlyCount "97"]
[EventDate "2007.10.04"]
[EventType "swiss"]
[EventRounds "7"]
[EventCountry "GER"]
[SourceTitle "EXT 2011"]
[Source "ChessBase"]
[SourceDate "2010.11.26"]
[SourceVersion "1"]
[SourceVersionDate "2010.11.26"]
[SourceQuality "1"]

1. d4 Nf6 2. c4 e6 3. Nf3 b6 4. g3 Ba6 5. b3 Bb4+ 6. Bd2 Be7 7. Bg2 c6 8. 0-0 0-0 9. Bc3 d5 10. Ne5 Nfd7 11. Nxd7 Nxd7 12. Nd2 Rc8 13. e4 b5 14. cxb5 cxb5 15. Bb2 Bb7 16. e5 f6 17. f4 f5 18. g4 g6 19. Kh1 Bb4 20. gxf5 exf5 21. Nf3 Qe7 22. Qd3 a6 23. a3 Ba5 24. Rac1 Rc6 25. Rxc6 Bxc6 26. Rc1 Rc8 27. Ng5 h6 28. Rxc6 Rxc6 29. Bxd5+ Kg7 30. Bxc6 hxg5 31. fxg5 Nb8 32. Bg2 Qxg5 33. d5 Qd2 34. Qxd2 Bxd2 35. e6+ Kf8 36. Be5 Nd7 37. exd7 Ke7 38. Kg1 Kxd7 39. Kf2 g5 40. Bd4 Kd6 41. Be3 Bxe3+ 42. Kxe3 Ke5 43. Kd3 g4 44. h3 gxh3 45. Bxh3 Kxd5 46. Bxf5 a5 47. Bh3 Kc5 48. Bg2 b4 49. a4 1-0